| 000 | 01287nam a22002657a 4500 | ||
|---|---|---|---|
| 999 |
_c22171 _d22171 |
||
| 003 | AR-CdUCM | ||
| 008 | 190425b ||||| |||| 00| 0 spa d | ||
| 040 |
_aMUNICIPALIDAD PROVINCIAL DEL CUSCO _cBIBLIOTECA MUNICIPAL DEL CUSCO |
||
| 082 | _aOropesa/N°57/2006 | ||
| 245 |
_aOropesa : _brevista de cultura y educación de opinión y crítica / _cAmérico Valer Vargas, Director |
||
| 260 |
_aCusco. _bPantigozo, _c2006. |
||
| 300 |
_a18 páginas. : _bilustraciones ; _c30 cm. |
||
| 440 |
_aOropesa. _nAño XXV, N°LVII, febrero 2006. _947591 |
||
| 505 | _aContenido: Leyendas fundación reliquias y personalidades de Oropesa. -- Horas de lucha de Manuel Gonzales Prada. -- Canon gasífero desarrollo regional. -- Hacia un liderazgo eficiente. -- Adolfo Saloma presidente del comité cívico de defensa del patrimonio cultural del Cusco. -- Nuestro recuerdo al cholo Lino Gabriel Aragón Claros. Emeteria Uñapilco. | ||
| 650 |
_aPolítica cusqueña _947381 |
||
| 650 |
_aCultura andina _947570 |
||
| 650 |
_aSociedad cusqueña _947493 |
||
| 650 |
_aSiglo XX _947561 |
||
| 700 |
_aCanal Astete, Washington _947571 |
||
| 700 |
_aSaloma González, Adolfo _947592 |
||
| 700 |
_aÁlvarez García, Carlos _947593 |
||
| 700 |
_aGil Mora, Eduardo _946972 |
||
| 942 |
_2ddc _cPP |
||
| 945 | _arac | ||